| 000 | 00481nam a22001697a 4500 | ||
|---|---|---|---|
| 003 | BD-DhUL | ||
| 005 | 20210926112740.0 | ||
| 008 | 180528s1938 ii ||||| |||| 00| 0 urd d | ||
| 040 |
_aBD-DhUL _cBD-DhUL |
||
| 082 |
_a891.43108 _bBEU |
||
| 100 | 0 | _aبیگم سید عابہ رضا | |
| 245 | 1 |
_aعروس سخن / _cبیگم سید عابہ رضا |
|
| 260 |
_aلکھنو : _b، _c۔۱۹۳۸ |
||
| 300 |
_aص۔ ۲۰۸ ؛ _c۲۲ سم۔ |
||
| 650 | 0 | _aUrdu poetry | |
| 942 |
_2ddc _cBK |
||
| 999 |
_c241637 _d241637 |
||